[Event "45th FIDE Chess Olympiad Open"]
[Site "Budapest, Hungary"]
[Date "2024.09.21"]
[Round "10"]
[White "Michaelides, Konstantinos"]
[Black "Ayyad, Husain"]
[Result "1-0"]
[Board "253"]
[WhiteFideId "5901871"]
[BlackFideId "11200243"]
[WhiteTitle "FM"]
[BlackTitle "FM"]
[WhiteElo "2297"]
[BlackElo "2129"]
[WhiteTeam "Cyprus"]
[BlackTeam "Bahrain"]
[WhiteClock "0:27:45"]
[BlackClock "0:07:44"]
[Variant "Standard"]

1. d4 {[%clk 1:30:37]}  d5 {[%clk 1:30:55]} 2. c4 {[%clk 1:30:49]}  e6 {[%clk 1:31:21]} 3. Nf3 {[%clk 1:31:14]}  Nf6 {[%clk 1:31:46]} 4. g3 {[%clk 1:31:40]}  c5 {[%clk 1:30:37]} 5. Bg2 {[%clk 1:31:47]}  Nc6 {[%clk 1:30:52]} 6. O-O {[%clk 1:31:47]}  Be7 {[%clk 1:26:47]} 7. dxc5 {[%clk 1:31:14]}  Bxc5 {[%clk 1:26:49]} 8. cxd5 {[%clk 1:28:03]}  exd5 {[%clk 1:27:09]} 9. Qc2 {[%clk 1:28:18]}  Bb6 {[%clk 1:25:47]} 10. Nc3 {[%clk 1:27:13]}  O-O {[%clk 1:25:50]} 11. Bg5 {[%clk 1:26:05]}  Be6 {[%clk 1:07:50]} 12. Na4 {[%clk 1:19:23]}  h6 {[%clk 0:46:33]} 13. Nxb6 {[%clk 1:14:08]}  axb6 {[%clk 0:46:56]} 14. Bd2 {[%clk 1:08:20]}  d4 {[%clk 0:44:56]} 15. Rfd1 {[%clk 0:58:06]}  Qe7 {[%clk 0:43:59]} 16. a3 {[%clk 0:47:47]}  b5 {[%clk 0:36:43]} 17. Re1 {[%clk 0:35:00]}  Rac8 {[%clk 0:32:06]} 18. Qd1 {[%clk 0:33:37]}  Bc4 {[%clk 0:29:04]} 19. b3 {[%clk 0:25:21]}  Be6 {[%clk 0:29:14]} 20. Qb1 {[%clk 0:25:10]}  Ra8 {[%clk 0:27:35]} 21. Qb2 {[%clk 0:23:13]}  Rfd8 {[%clk 0:27:43]} 22. Red1 {[%clk 0:21:27]}  Ne4 {[%clk 0:26:05]} 23. Be1 {[%clk 0:16:53]}  Nc5 {[%clk 0:23:57]} 24. Nd2 {[%clk 0:11:20]}  Na5 {[%clk 0:24:03]} 25. Rab1 {[%clk 0:08:57]}  Naxb3 {[%clk 0:21:44]} 26. Nxb3 {[%clk 0:09:13]}  Nxb3 {[%clk 0:19:47]} 27. Bb4 {[%clk 0:09:20]}  Qc7 {[%clk 0:16:27]} 28. Rd3 {[%clk 0:07:36]}  Qc4 {[%clk 0:11:55]} 29. Rxb3 {[%clk 0:06:52]}  Qxb3 {[%clk 0:08:53]} 30. Qxb3 {[%clk 0:07:20]}  Bxb3 {[%clk 0:09:22]} 31. Rxb3 {[%clk 0:07:49]}  Rd7 {[%clk 0:07:31]} 32. Be4 {[%clk 0:05:07]}  Rc8 {[%clk 0:07:34]} 33. Kg2 {[%clk 0:03:10]}  g6 {[%clk 0:07:48]} 34. Bd3 {[%clk 0:02:32]}  Rd5 {[%clk 0:08:08]} 35. Ba5 {[%clk 0:01:39]}  Ra8 {[%clk 0:08:03]} 36. Bd2 {[%clk 0:01:57]}  Kg7 {[%clk 0:08:09]} 37. Bxb5 {[%clk 0:00:40]}  g5 {[%clk 0:07:23]} 38. Bd3 {[%clk 0:00:37]}  Ra4 {[%clk 0:07:41]} 39. Bb4 {[%clk 0:00:38]}  f5 {[%clk 0:07:28]} 40. Rb1 {[%clk 0:00:36]}  Ra8 {[%clk 0:07:44]} 41. Rc1 {[%clk 0:27:45]} 1-0

[Event "45th FIDE Chess Olympiad Open"]
[Site "Budapest, Hungary"]
[Date "2024.09.21"]
[Round "10"]
[White "Ayyad, Maher"]
[Black "Antoniou, Rafail"]
[Result "0-1"]
[Board "254"]
[WhiteFideId "11200235"]
[BlackFideId "5904390"]
[WhiteTitle "FM"]
[BlackTitle "CM"]
[WhiteElo "1980"]
[BlackElo "2007"]
[WhiteTeam "Bahrain"]
[BlackTeam "Cyprus"]
[WhiteClock "0:43:33"]
[BlackClock "0:17:58"]
[Variant "Standard"]

1. d4 {[%clk 1:30:57]}  Nf6 {[%clk 1:30:46]} 2. Nf3 {[%clk 1:31:23]}  e6 {[%clk 1:31:04]} 3. g3 {[%clk 1:31:50]}  c5 {[%clk 1:31:18]} 4. Bg2 {[%clk 1:32:12]}  cxd4 {[%clk 1:31:28]} 5. Nxd4 {[%clk 1:32:39]}  d5 {[%clk 1:31:51]} 6. O-O {[%clk 1:32:56]}  e5 {[%clk 1:31:52]} 7. Nf3 {[%clk 1:33:12]}  Nc6 {[%clk 1:32:11]} 8. b3 {[%clk 1:31:45]}  Bc5 {[%clk 1:25:54]} 9. Bb2 {[%clk 1:32:04]}  Qe7 {[%clk 1:24:57]} 10. h3 {[%clk 1:32:03]}  O-O {[%clk 1:23:49]} 11. e3 {[%clk 1:32:18]}  h6 {[%clk 1:22:59]} 12. c4 {[%clk 1:30:33]}  dxc4 {[%clk 1:22:12]} 13. bxc4 {[%clk 1:30:59]}  Rd8 {[%clk 1:21:57]} 14. Qb3 {[%clk 1:24:51]}  Bf5 {[%clk 1:14:53]} 15. Nc3 {[%clk 1:23:47]}  e4 {[%clk 1:07:31]} 16. Nh2 {[%clk 1:23:41]}  Na5 {[%clk 1:01:43]} 17. Qa4 {[%clk 1:21:00]}  Bb4 {[%clk 0:58:16]} 18. Nb5 {[%clk 1:12:14]}  Nc6 {[%clk 0:51:08]} 19. Nd4 {[%clk 1:10:28]}  Nxd4 {[%clk 0:49:44]} 20. Bxd4 {[%clk 1:10:20]}  Bc5 {[%clk 0:49:54]} 21. Bxc5 {[%clk 1:07:32]}  Qxc5 {[%clk 0:50:18]} 22. Rab1 {[%clk 1:07:15]}  Bd7 {[%clk 0:50:06]} 23. Qb3 {[%clk 1:06:24]}  b6 {[%clk 0:48:12]} 24. Rfd1 {[%clk 1:06:43]}  Be6 {[%clk 0:48:19]} 25. Bf1 {[%clk 1:06:32]}  Qh5 {[%clk 0:47:05]} 26. Rd4 {[%clk 0:59:28]}  Bxh3 {[%clk 0:45:14]} 27. Qd1 {[%clk 0:59:12]}  Qxd1 {[%clk 0:44:42]} 28. Rbxd1 {[%clk 0:59:32]}  Rxd4 {[%clk 0:44:57]} 29. exd4 {[%clk 0:59:49]}  Bxf1 {[%clk 0:44:32]} 30. Nxf1 {[%clk 1:00:13]}  Ng4 {[%clk 0:44:24]} 31. Ne3 {[%clk 1:00:02]}  Nxe3 {[%clk 0:44:39]} 32. fxe3 {[%clk 1:00:28]}  Rc8 {[%clk 0:43:57]} 33. Rc1 {[%clk 1:00:54]}  f5 {[%clk 0:42:26]} 34. Kf2 {[%clk 1:01:20]}  Kf7 {[%clk 0:42:51]} 35. Ke2 {[%clk 1:01:24]}  Kf6 {[%clk 0:42:03]} 36. a4 {[%clk 1:01:23]}  g5 {[%clk 0:39:38]} 37. Kd2 {[%clk 1:01:41]}  h5 {[%clk 0:38:15]} 38. Kc3 {[%clk 0:57:00]}  f4 {[%clk 0:35:16]} 39. exf4 {[%clk 0:57:23]}  gxf4 {[%clk 0:35:34]} 40. gxf4 {[%clk 0:57:46]}  Kf5 {[%clk 0:35:42]} 41. Rf1 {[%clk 0:58:09]}  h4 {[%clk 0:36:04]} 42. d5 {[%clk 0:58:29]}  h3 {[%clk 0:26:51]} 43. Kd4 {[%clk 0:58:09]}  h2 {[%clk 0:26:34]} 44. Rh1 {[%clk 0:56:43]}  Rh8 {[%clk 0:26:53]} 45. d6 {[%clk 0:56:20]}  Kxf4 {[%clk 0:20:19]} 46. a5 {[%clk 0:55:29]}  Kf3 {[%clk 0:19:09]} 47. axb6 {[%clk 0:55:48]}  axb6 {[%clk 0:19:34]} 48. Kd5 {[%clk 0:46:16]}  e3 {[%clk 0:18:24]} 49. d7 {[%clk 0:43:33]}  Kg2 {[%clk 0:17:58]} 0-1

[Event "45th FIDE Chess Olympiad Open"]
[Site "Budapest, Hungary"]
[Date "2024.09.21"]
[Round "10"]
[White "Savva, Panikos"]
[Black "Monther, Alfardan"]
[Result "0-1"]
[Board "255"]
[WhiteFideId "5900077"]
[BlackFideId "11204265"]
[WhiteTitle "CM"]
[WhiteElo "1973"]
[BlackElo "1834"]
[WhiteTeam "Cyprus"]
[BlackTeam "Bahrain"]
[WhiteClock "0:29:36"]
[BlackClock "0:29:55"]
[Variant "Standard"]

1. d4 {[%clk 1:30:56]}  d5 {[%clk 1:30:55]} 2. c4 {[%clk 1:31:17]}  e6 {[%clk 1:31:11]} 3. Nc3 {[%clk 1:31:40]}  Nf6 {[%clk 1:31:26]} 4. Bg5 {[%clk 1:31:55]}  Be7 {[%clk 1:31:40]} 5. e3 {[%clk 1:32:13]}  h6 {[%clk 1:31:12]} 6. Bh4 {[%clk 1:32:33]}  O-O {[%clk 1:31:11]} 7. Nf3 {[%clk 1:32:33]}  Ne4 {[%clk 1:28:40]} 8. Bxe7 {[%clk 1:32:39]}  Qxe7 {[%clk 1:28:33]} 9. Rc1 {[%clk 1:31:40]}  Nxc3 {[%clk 1:26:52]} 10. Rxc3 {[%clk 1:31:55]}  Rd8 {[%clk 1:18:51]} 11. Qc2 {[%clk 1:26:54]}  c6 {[%clk 1:16:07]} 12. Bd3 {[%clk 1:26:51]}  Nd7 {[%clk 1:14:56]} 13. O-O {[%clk 1:27:01]}  e5 {[%clk 1:12:08]} 14. cxd5 {[%clk 1:24:43]}  cxd5 {[%clk 1:11:28]} 15. Bf5 {[%clk 1:14:26]}  exd4 {[%clk 1:04:45]} 16. Nxd4 {[%clk 1:04:24]}  Nb6 {[%clk 1:03:42]} 17. Rc1 {[%clk 0:54:20]}  Bxf5 {[%clk 0:56:51]} 18. Qxf5 {[%clk 0:47:13]}  Qe4 {[%clk 0:51:19]} 19. Rc7 {[%clk 0:46:24]}  Qxf5 {[%clk 0:47:25]} 20. Nxf5 {[%clk 0:46:52]}  Rab8 {[%clk 0:45:33]} 21. g3 {[%clk 0:43:04]}  Kf8 {[%clk 0:43:51]} 22. b3 {[%clk 0:42:58]}  Rbc8 {[%clk 0:41:06]} 23. Kf1 {[%clk 0:41:14]}  Rxc7 {[%clk 0:40:39]} 24. Rxc7 {[%clk 0:41:42]}  Rd7 {[%clk 0:40:48]} 25. Rc5 {[%clk 0:40:46]}  h5 {[%clk 0:37:47]} 26. a4 {[%clk 0:38:26]}  g6 {[%clk 0:36:37]} 27. Nd4 {[%clk 0:37:22]}  Ke7 {[%clk 0:35:00]} 28. Ke2 {[%clk 0:33:47]}  a6 {[%clk 0:30:38]} 29. Kd3 {[%clk 0:28:34]}  Kd6 {[%clk 0:30:13]} 30. Rc2 {[%clk 0:27:35]}  Rc7 {[%clk 0:29:42]} 31. Rxc7 {[%clk 0:27:00]}  Kxc7 {[%clk 0:30:05]} 32. f4 {[%clk 0:20:12]}  Kd6 {[%clk 0:29:29]} 33. Nf3 {[%clk 0:15:05]}  Nd7 {[%clk 0:26:26]} 34. b4 {[%clk 0:12:48]}  a5 {[%clk 0:22:27]} 35. bxa5 {[%clk 0:11:23]}  Nc5+ {[%clk 0:22:44]} 36. Kd4 {[%clk 0:11:18]}  Nb3+ {[%clk 0:22:43]} 37. Kc3 {[%clk 0:11:30]}  Nxa5 {[%clk 0:22:43]} 38. Kb4 {[%clk 0:11:29]}  Nc4 {[%clk 0:19:37]} 39. e4 {[%clk 0:06:58]}  dxe4 {[%clk 0:18:40]} 40. Ng5 {[%clk 0:06:54]}  Nd2 {[%clk 0:17:25]} 41. Kc3 {[%clk 0:06:38]}  f6 {[%clk 0:15:10]} 42. Nh7 {[%clk 0:03:50]}  Nb1+ {[%clk 0:00:46]} 43. Kd4 {[%clk 0:01:01]}  Ke7 {[%clk 0:29:32]} 44. Kxe4 {[%clk 0:29:36]}  Nc3+ {[%clk 0:29:55]} 0-1

[Event "45th FIDE Chess Olympiad Open"]
[Site "Budapest, Hungary"]
[Date "2024.09.21"]
[Round "10"]
[White "Shaker, Musab"]
[Black "Kefalas, Loukas"]
[Result "0-1"]
[Board "256"]
[WhiteFideId "11201789"]
[BlackFideId "5901120"]
[WhiteElo "1757"]
[BlackElo "1912"]
[WhiteTeam "Bahrain"]
[BlackTeam "Cyprus"]
[WhiteClock "0:00:32"]
[BlackClock "0:00:38"]
[Variant "Standard"]

1. d4 {[%clk 1:30:57]}  d5 {[%clk 1:30:46]} 2. Nf3 {[%clk 1:31:21]}  Nf6 {[%clk 1:31:10]} 3. Bf4 {[%clk 1:31:33]}  c5 {[%clk 1:29:43]} 4. e3 {[%clk 1:31:44]}  Nc6 {[%clk 1:29:34]} 5. c3 {[%clk 1:32:01]}  Qb6 {[%clk 1:26:24]} 6. Qb3 {[%clk 1:31:34]}  c4 {[%clk 1:23:59]} 7. Qc2 {[%clk 1:31:50]}  Bf5 {[%clk 1:19:39]} 8. Qc1 {[%clk 1:31:17]}  h6 {[%clk 1:14:33]} 9. Be2 {[%clk 1:27:38]}  e6 {[%clk 1:13:15]} 10. Nbd2 {[%clk 1:24:55]}  Rc8 {[%clk 1:08:26]} 11. Bd1 {[%clk 1:22:20]}  Be7 {[%clk 0:59:34]} 12. Bc2 {[%clk 1:21:40]}  Bxc2 {[%clk 0:56:36]} 13. Qxc2 {[%clk 1:22:00]}  O-O {[%clk 0:56:32]} 14. O-O {[%clk 1:13:46]}  Qd8 {[%clk 0:52:46]} 15. e4 {[%clk 1:12:09]}  b5 {[%clk 0:48:40]} 16. e5 {[%clk 1:04:38]}  Nd7 {[%clk 0:46:14]} 17. g4 {[%clk 0:59:35]}  f5 {[%clk 0:30:02]} 18. gxf5 {[%clk 0:45:19]}  Rxf5 {[%clk 0:23:35]} 19. Be3 {[%clk 0:44:27]}  Qe8 {[%clk 0:20:09]} 20. Kh1 {[%clk 0:29:43]}  Qf7 {[%clk 0:16:39]} 21. Rg1 {[%clk 0:23:17]}  Qh5 {[%clk 0:09:31]} 22. Rg3 {[%clk 0:20:36]}  Rcf8 {[%clk 0:06:54]} 23. Rag1 {[%clk 0:13:58]}  R8f7 {[%clk 0:06:17]} 24. Rg6 {[%clk 0:10:54]}  Rxf3 {[%clk 0:03:55]} 25. Bxh6 {[%clk 0:05:21]}  Rh3 {[%clk 0:00:39]} 26. Rxg7+ {[%clk 0:01:27]}  Rxg7 {[%clk 0:00:38]} 27. Rxg7+ {[%clk 0:01:52]}  Kf8 {[%clk 0:01:01]} 28. Rg6+ {[%clk 0:00:40]}  Kf7 {[%clk 0:00:39]} 29. Rg7+ {[%clk 0:00:39]}  Ke8 {[%clk 0:00:37]} 30. Rg8+ {[%clk 0:00:32]}  Nf8 {[%clk 0:00:38]} 0-1

[Event "45th FIDE Chess Olympiad Open"]
[Site "Budapest, Hungary"]
[Date "2024.09.21"]
[Round "10"]
[White "De Mey, Juan Pablo"]
[Black "Allam, Mohamed"]
[Result "1-0"]
[Board "257"]
[WhiteFideId "15900312"]
[BlackFideId "11501731"]
[WhiteTitle "FM"]
[BlackTitle "CM"]
[WhiteElo "1992"]
[BlackElo "2053"]
[WhiteTeam "Aruba"]
[BlackTeam "Palestine"]
[WhiteClock "1:05:36"]
[BlackClock "0:41:30"]
[Variant "Standard"]

1. Nf3 {[%clk 1:30:58]}  d5 {[%clk 1:30:29]} 2. d4 {[%clk 1:31:22]}  e6 {[%clk 1:30:35]} 3. Bf4 {[%clk 1:31:48]}  Bd6 {[%clk 1:30:57]} 4. e3 {[%clk 1:31:32]}  Bxf4 {[%clk 1:29:55]} 5. exf4 {[%clk 1:32:01]}  Qd6 {[%clk 1:28:32]} 6. Qd2 {[%clk 1:32:22]}  Qb6 {[%clk 1:25:26]} 7. c3 {[%clk 1:32:27]}  Ne7 {[%clk 1:21:37]} 8. Bd3 {[%clk 1:32:48]}  Bd7 {[%clk 1:20:14]} 9. Qe2 {[%clk 1:32:43]}  c5 {[%clk 1:17:35]} 10. dxc5 {[%clk 1:28:16]}  Qxc5 {[%clk 1:17:56]} 11. Ne5 {[%clk 1:28:39]}  O-O {[%clk 1:13:27]} 12. Nd2 {[%clk 1:25:25]}  Ng6 {[%clk 1:09:31]} 13. Bxg6 {[%clk 1:19:33]}  hxg6 {[%clk 1:09:26]} 14. h4 {[%clk 1:19:58]}  Qe7 {[%clk 0:52:28]} 15. h5 {[%clk 1:07:54]}  g5 {[%clk 0:50:58]} 16. Ng6 {[%clk 1:04:52]}  fxg6 {[%clk 0:42:13]} 17. hxg6 {[%clk 1:05:15]}  Be8 {[%clk 0:41:30]} 18. Rh8+ {[%clk 1:05:36]} 1-0

[Event "45th FIDE Chess Olympiad Open"]
[Site "Budapest, Hungary"]
[Date "2024.09.21"]
[Round "10"]
[White "Seder, Mohammed"]
[Black "Stetsenko, Ilya"]
[Result "0-1"]
[Board "258"]
[WhiteFideId "11505567"]
[BlackFideId "15900762"]
[WhiteTitle "FM"]
[WhiteElo "2116"]
[BlackElo "1903"]
[WhiteTeam "Palestine"]
[BlackTeam "Aruba"]
[WhiteClock "0:05:35"]
[BlackClock "0:11:00"]
[Variant "Standard"]

1. e4 {[%clk 1:30:58]}  c6 {[%clk 1:30:44]} 2. Nc3 {[%clk 1:31:22]}  d5 {[%clk 1:31:08]} 3. Nf3 {[%clk 1:31:34]}  dxe4 {[%clk 1:30:51]} 4. Nxe4 {[%clk 1:32:02]}  Nf6 {[%clk 1:31:11]} 5. Qe2 {[%clk 1:32:29]}  Nxe4 {[%clk 1:31:34]} 6. Qxe4 {[%clk 1:32:57]}  Nd7 {[%clk 1:28:52]} 7. Bc4 {[%clk 1:33:18]}  Nf6 {[%clk 1:29:21]} 8. Ne5 {[%clk 1:33:44]}  e6 {[%clk 1:29:49]} 9. Qe2 {[%clk 1:34:13]}  b5 {[%clk 1:30:18]} 10. Bb3 {[%clk 1:32:39]}  Qc7 {[%clk 1:30:43]} 11. d4 {[%clk 1:31:47]}  Bd6 {[%clk 1:31:11]} 12. Bg5 {[%clk 1:26:19]}  a5 {[%clk 1:19:07]} 13. a4 {[%clk 1:08:39]}  b4 {[%clk 1:11:34]} 14. Nc4 {[%clk 0:48:03]}  Be7 {[%clk 0:53:07]} 15. O-O {[%clk 0:44:03]}  Nd5 {[%clk 0:37:06]} 16. Bxe7 {[%clk 0:42:52]}  Qxe7 {[%clk 0:35:37]} 17. Ne5 {[%clk 0:38:40]}  Ba6 {[%clk 0:32:06]} 18. Bc4 {[%clk 0:38:53]}  Bxc4 {[%clk 0:32:30]} 19. Qxc4 {[%clk 0:34:31]}  Rc8 {[%clk 0:32:24]} 20. Rad1 {[%clk 0:33:32]}  O-O {[%clk 0:30:24]} 21. Qc5 {[%clk 0:32:10]}  Qc7 {[%clk 0:24:35]} 22. Nc4 {[%clk 0:24:29]}  Ra8 {[%clk 0:24:29]} 23. Nd2 {[%clk 0:16:58]}  Nb6 {[%clk 0:21:58]} 24. b3 {[%clk 0:17:05]}  Nd7 {[%clk 0:21:09]} 25. Qg5 {[%clk 0:16:35]}  c5 {[%clk 0:14:59]} 26. dxc5 {[%clk 0:14:39]}  Nxc5 {[%clk 0:15:14]} 27. Nc4 {[%clk 0:13:04]}  Rfd8 {[%clk 0:15:25]} 28. Qe5 {[%clk 0:12:07]}  Qxe5 {[%clk 0:11:04]} 29. Nxe5 {[%clk 0:12:34]}  Kf8 {[%clk 0:08:39]} 30. f3 {[%clk 0:12:37]}  Ke8 {[%clk 0:08:12]} 31. Kf2 {[%clk 0:12:33]}  Nb7 {[%clk 0:06:41]} 32. Nc4 {[%clk 0:07:22]}  Ke7 {[%clk 0:04:48]} 33. Ke2 {[%clk 0:07:19]}  Nd6 {[%clk 0:03:00]} 34. Ne3 {[%clk 0:07:46]}  Rd7 {[%clk 0:00:50]} 35. Rd3 {[%clk 0:07:17]}  Rc8 {[%clk 0:00:44]} 36. Rfd1 {[%clk 0:07:12]}  Rcc7 {[%clk 0:01:02]} 37. h4 {[%clk 0:06:14]}  h6 {[%clk 0:00:37]} 38. Rc1 {[%clk 0:04:33]}  g6 {[%clk 0:00:37]} 39. Rcd1 {[%clk 0:04:42]}  f6 {[%clk 0:00:37]} 40. f4 {[%clk 0:04:28]}  h5 {[%clk 0:00:36]} 41. Kf3 {[%clk 0:04:45]}  Nf5 {[%clk 0:14:42]} 42. Nxf5+ {[%clk 0:12:46]}  gxf5 {[%clk 0:14:28]} 43. Rxd7+ {[%clk 0:11:53]}  Rxd7 {[%clk 0:14:57]} 44. Rxd7+ {[%clk 0:12:00]}  Kxd7 {[%clk 0:15:26]} 45. Ke3 {[%clk 0:12:29]}  Kd6 {[%clk 0:09:57]} 46. Kd4 {[%clk 0:11:33]}  e5+ {[%clk 0:10:26]} 47. Kc4 {[%clk 0:12:03]}  Kc6 {[%clk 0:10:39]} 48. g3 {[%clk 0:12:21]}  Kd6 {[%clk 0:10:03]} 49. Kb5 {[%clk 0:05:43]}  Kd5 {[%clk 0:10:32]} 50. Kxa5 {[%clk 0:05:35]}  Kc5 {[%clk 0:11:00]} 0-1

[Event "45th FIDE Chess Olympiad Open"]
[Site "Budapest, Hungary"]
[Date "2024.09.21"]
[Round "10"]
[White "Croes, Octavio"]
[Black "Michel Yunis, Christian D."]
[Result "0-1"]
[Board "259"]
[WhiteFideId "1007220"]
[BlackFideId "3400085"]
[WhiteTitle "CM"]
[BlackTitle "IM"]
[WhiteElo "1850"]
[BlackElo "2220"]
[WhiteTeam "Aruba"]
[BlackTeam "Palestine"]
[WhiteClock "0:00:33"]
[BlackClock "0:29:06"]
[Variant "Standard"]

1. d4 {[%clk 1:30:58]}  Nf6 {[%clk 1:30:41]} 2. c4 {[%clk 1:31:21]}  e6 {[%clk 1:31:00]} 3. Nf3 {[%clk 1:31:44]}  Bb4+ {[%clk 1:31:04]} 4. Bd2 {[%clk 1:31:59]}  c5 {[%clk 1:31:19]} 5. g3 {[%clk 1:31:57]}  Qb6 {[%clk 1:20:55]} 6. a3 {[%clk 1:25:42]}  Bxd2+ {[%clk 1:20:44]} 7. Qxd2 {[%clk 1:26:05]}  Nc6 {[%clk 1:19:35]} 8. e3 {[%clk 1:24:29]}  cxd4 {[%clk 1:16:26]} 9. exd4 {[%clk 1:04:05]}  Ne4 {[%clk 1:15:15]} 10. Qc2 {[%clk 0:58:39]}  d5 {[%clk 1:10:25]} 11. c5 {[%clk 0:56:50]}  Qa5+ {[%clk 1:10:11]} 12. Nbd2 {[%clk 0:57:04]}  b6 {[%clk 1:07:19]} 13. Rc1 {[%clk 0:53:50]}  bxc5 {[%clk 1:05:01]} 14. dxc5 {[%clk 0:54:01]}  Rb8 {[%clk 1:03:30]} 15. Bd3 {[%clk 0:51:26]}  Nxd2 {[%clk 0:59:35]} 16. Nxd2 {[%clk 0:50:41]}  e5 {[%clk 0:51:40]} 17. O-O {[%clk 0:45:17]}  Nd4 {[%clk 0:43:52]} 18. Qc3 {[%clk 0:40:11]}  Qxc3 {[%clk 0:44:06]} 19. bxc3 {[%clk 0:40:31]}  Ne6 {[%clk 0:44:27]} 20. Rfe1 {[%clk 0:36:46]}  f6 {[%clk 0:42:57]} 21. Rb1 {[%clk 0:22:14]}  Rxb1 {[%clk 0:42:01]} 22. Rxb1 {[%clk 0:22:37]}  Nxc5 {[%clk 0:41:48]} 23. Bb5+ {[%clk 0:21:39]}  Ke7 {[%clk 0:41:19]} 24. c4 {[%clk 0:18:00]}  d4 {[%clk 0:35:27]} 25. Bc6 {[%clk 0:16:26]}  Kd6 {[%clk 0:35:42]} 26. Bg2 {[%clk 0:12:11]}  Bd7 {[%clk 0:34:27]} 27. f4 {[%clk 0:09:20]}  Re8 {[%clk 0:33:45]} 28. fxe5+ {[%clk 0:08:16]}  fxe5 {[%clk 0:34:12]} 29. Ne4+ {[%clk 0:07:58]}  Nxe4 {[%clk 0:34:26]} 30. Bxe4 {[%clk 0:08:23]}  Bc6 {[%clk 0:28:33]} 31. c5+ {[%clk 0:08:38]}  Kc7 {[%clk 0:29:01]} 32. Bxh7 {[%clk 0:07:55]}  e4 {[%clk 0:29:18]} 33. Kf2 {[%clk 0:07:17]}  Rh8 {[%clk 0:29:16]} 34. Bg6 {[%clk 0:04:31]}  Rxh2+ {[%clk 0:28:17]} 35. Kg1 {[%clk 0:04:50]}  Rh3 {[%clk 0:28:30]} 36. Kg2 {[%clk 0:04:00]}  Rh6 {[%clk 0:28:46]} 37. Bf5 {[%clk 0:00:33]}  e3+ {[%clk 0:29:06]} 0-1

[Event "45th FIDE Chess Olympiad Open"]
[Site "Budapest, Hungary"]
[Date "2024.09.21"]
[Round "10"]
[White "Abdel Wahab, Ahmad"]
[Black "Antonio, Kyell-Jean"]
[Result "1-0"]
[Board "260"]
[WhiteFideId "11500719"]
[BlackFideId "15900746"]
[WhiteElo "1995"]
[BlackElo "1763"]
[WhiteTeam "Palestine"]
[BlackTeam "Aruba"]
[WhiteClock "0:19:01"]
[BlackClock "0:30:27"]
[Variant "Standard"]

1. d4 {[%clk 1:30:58]}  Nf6 {[%clk 1:30:55]} 2. c4 {[%clk 1:31:21]}  e6 {[%clk 1:31:23]} 3. e3 {[%clk 1:30:58]}  d5 {[%clk 1:29:26]} 4. Nf3 {[%clk 1:30:18]}  Nbd7 {[%clk 1:26:00]} 5. Bd3 {[%clk 1:30:08]}  c6 {[%clk 1:26:16]} 6. O-O {[%clk 1:30:32]}  dxc4 {[%clk 1:26:43]} 7. Bxc4 {[%clk 1:30:55]}  b5 {[%clk 1:27:09]} 8. Bd3 {[%clk 1:28:24]}  Bb7 {[%clk 1:27:38]} 9. Nbd2 {[%clk 1:26:58]}  a6 {[%clk 1:27:43]} 10. a4 {[%clk 1:26:19]}  Be7 {[%clk 1:19:03]} 11. Qc2 {[%clk 1:22:04]}  O-O {[%clk 1:15:22]} 12. Nb3 {[%clk 1:13:33]}  Qb6 {[%clk 1:03:07]} 13. Ne5 {[%clk 0:59:22]}  h6 {[%clk 0:47:09]} 14. Nxd7 {[%clk 0:36:49]}  Nxd7 {[%clk 0:47:04]} 15. Bd2 {[%clk 0:23:34]}  b4 {[%clk 0:43:21]} 16. a5 {[%clk 0:22:30]}  Qd8 {[%clk 0:28:58]} 17. Be4 {[%clk 0:21:17]}  Rb8 {[%clk 0:25:11]} 18. Rfd1 {[%clk 0:19:55]}  c5 {[%clk 0:09:34]} 19. Bxb7 {[%clk 0:20:18]}  Rxb7 {[%clk 0:09:56]} 20. dxc5 {[%clk 0:20:47]}  Bxc5 {[%clk 0:04:14]} 21. Nxc5 {[%clk 0:20:26]}  Qc7 {[%clk 0:03:43]} 22. Rdc1 {[%clk 0:19:27]}  Rc8 {[%clk 0:03:56]} 23. Nxb7 {[%clk 0:19:06]}  Qxc2 {[%clk 0:02:50]} 24. Rxc2 {[%clk 0:19:29]}  Rxc2 {[%clk 0:03:08]} 25. Bxb4 {[%clk 0:19:26]}  Rxb2 {[%clk 0:03:28]} 26. Nc5 {[%clk 0:19:53]}  Rxb4 {[%clk 0:01:26]} 27. Nxd7 {[%clk 0:20:13]}  Rb5 {[%clk 0:01:29]} 28. Kf1 {[%clk 0:20:09]}  f6 {[%clk 0:01:37]} 29. Ke2 {[%clk 0:19:21]}  Kf7 {[%clk 0:01:39]} 30. Ra2 {[%clk 0:18:36]}  Ke7 {[%clk 0:01:47]} 31. Nb6 {[%clk 0:19:01]}  Rg5 {[%clk 0:30:27]} 1-0

[Event "45th FIDE Chess Olympiad Open"]
[Site "Budapest, Hungary"]
[Date "2024.09.21"]
[Round "10"]
[White "Tissir, Mohamed"]
[Black "Al-Hajiri, Bader"]
[Result "1-0"]
[Board "261"]
[WhiteFideId "9000240"]
[BlackFideId "10300163"]
[WhiteTitle "IM"]
[BlackTitle "FM"]
[WhiteElo "2355"]
[BlackElo "1947"]
[WhiteTeam "Morocco"]
[BlackTeam "Kuwait"]
[WhiteClock "0:17:36"]
[BlackClock "0:56:17"]
[Variant "Standard"]

1. e4 {[%clk 1:30:56]}  e5 {[%clk 1:30:47]} 2. Nf3 {[%clk 1:31:17]}  Nc6 {[%clk 1:30:56]} 3. Bc4 {[%clk 1:31:22]}  Nf6 {[%clk 1:30:58]} 4. d3 {[%clk 1:31:46]}  d5 {[%clk 1:30:54]} 5. exd5 {[%clk 1:31:27]}  Nxd5 {[%clk 1:31:14]} 6. O-O {[%clk 1:23:42]}  Nb6 {[%clk 1:29:02]} 7. Bb3 {[%clk 1:21:44]}  Bg4 {[%clk 1:29:02]} 8. h3 {[%clk 1:15:50]}  Bh5 {[%clk 1:28:19]} 9. Re1 {[%clk 1:15:14]}  Qe7 {[%clk 1:28:06]} 10. c3 {[%clk 1:08:29]}  O-O-O {[%clk 1:28:00]} 11. Qe2 {[%clk 1:08:57]}  f6 {[%clk 1:27:49]} 12. a4 {[%clk 1:08:39]}  a5 {[%clk 1:27:58]} 13. Na3 {[%clk 1:08:28]}  g5 {[%clk 1:27:28]} 14. Nb5 {[%clk 1:07:44]}  Kb8 {[%clk 1:25:01]} 15. d4 {[%clk 1:02:27]}  g4 {[%clk 1:23:17]} 16. Nh2 {[%clk 1:00:08]}  exd4 {[%clk 1:21:04]} 17. Qxe7 {[%clk 1:00:06]}  Bxe7 {[%clk 1:20:58]} 18. hxg4 {[%clk 1:00:20]}  Bg6 {[%clk 1:17:57]} 19. Bf4 {[%clk 0:59:31]}  Na8 {[%clk 1:10:06]} 20. cxd4 {[%clk 0:54:46]}  Nxd4 {[%clk 0:56:36]} 21. Rxe7 {[%clk 0:54:09]}  Nxb3 {[%clk 0:57:00]} 22. Nxc7 {[%clk 0:36:26]}  Rd4 {[%clk 0:54:18]} 23. Bg3 {[%clk 0:36:50]}  Nxc7 {[%clk 0:54:27]} 24. Rxc7 {[%clk 0:32:31]}  Ka7 {[%clk 0:54:05]} 25. Re1 {[%clk 0:31:32]}  Rxa4 {[%clk 0:54:23]} 26. f4 {[%clk 0:29:24]}  Be4 {[%clk 0:53:51]} 27. Re7 {[%clk 0:29:10]}  Bc6 {[%clk 0:52:45]} 28. R1e6 {[%clk 0:29:38]}  Ra1+ {[%clk 0:42:24]} 29. Be1 {[%clk 0:24:43]}  Ka6 {[%clk 0:41:47]} 30. Rxf6 {[%clk 0:19:56]}  Rb1 {[%clk 0:42:04]} 31. Nf3 {[%clk 0:19:32]}  Rxb2 {[%clk 0:42:04]} 32. Bc3 {[%clk 0:19:47]}  Rb1+ {[%clk 0:41:56]} 33. Kh2 {[%clk 0:20:15]}  Rg8 {[%clk 0:41:02]} 34. Ne5 {[%clk 0:16:13]}  Kb5 {[%clk 0:40:08]} 35. Rxh7 {[%clk 0:11:33]}  Be4 {[%clk 0:38:32]} 36. Rh5 {[%clk 0:11:17]}  Ka4 {[%clk 0:38:38]} 37. Rh3 {[%clk 0:06:52]}  Rc1 {[%clk 0:38:40]} 38. Re3 {[%clk 0:07:12]}  Ka3 {[%clk 0:34:16]} 39. Bxa5 {[%clk 0:04:19]}  Bc6 {[%clk 0:33:20]} 40. Bc3 {[%clk 0:03:40]}  Bd5 {[%clk 0:31:40]} 41. Rd6 {[%clk 0:01:49]}  Rd1 {[%clk 0:31:48]} 42. g5 {[%clk 0:02:07]}  Ra8 {[%clk 0:31:18]} 43. g6 {[%clk 0:28:08]}  b5 {[%clk 1:01:02]} 44. f5 {[%clk 0:26:17]}  b4 {[%clk 1:01:23]} 45. Be1 {[%clk 0:26:36]}  Rh8+ {[%clk 1:00:04]} 46. Kg3 {[%clk 0:26:55]}  Rh5 {[%clk 1:00:31]} 47. Nd3 {[%clk 0:17:18]}  Rxf5 {[%clk 0:56:17]} 48. Ra6+ {[%clk 0:17:36]} 1-0